Countries of South America that have a city with over 1 million people - Statistics

General Stats
  • This quiz has been taken 74 times
  • The average score is 10 of 10
Answer Stats
Answer % Correct
Argentina
99%
Brazil
99%
Colombia
99%
Chile
97%
Peru
97%
Bolivia
96%
Paraguay
96%
Uruguay
96%
Ecuador
94%
Venezuela
93%
No matching quizzes found
Score Distribution
Percent of People with Each Score
Percentile by Number Answered
Your Score History
You have not taken this quiz